| 000 | 00383nab a2200133Ia 4500 | ||
|---|---|---|---|
| 003 | ES-SlBCS | ||
| 005 | 20210601131730.0 | ||
| 008 | 140529s1950 xxu||||| |||| 00| 0 fre d | ||
| 041 | _afre | ||
| 100 | 1 |
_aSavouillan, Charles _9188326 |
|
| 245 | 0 | 0 |
_aL'expérience des grèves _c Charles Savouillan |
| 773 | 0 |
_tVie Intelectuelle (La) _gnº. 4, 1950, págs. 457-461 _wRev907 |
|
| 942 | _cAR | ||
| 999 |
_c567824 _d567824 |
||